Drucker esencial /
Guardado en:
| Autor Principal: | |
|---|---|
| Formato: | Libro |
| Idioma: | Spanish English |
| Publicado: |
Buenos Aires :
Coyuntura,
1999.
|
| Series: | Mercado
|
| Materias: | |
| Etiquetas: |
Agregar Etiqueta
Sin Etiquetas, Sea el primero en etiquetar este registro!
|
| LEADER | 00728nam a22002295a 4500 | ||
|---|---|---|---|
| 001 | EIQ.libpla002773 | ||
| 008 | 070822s1999####ag#######||||#000#e#spa#d | ||
| 005 | 20080613182835.0 | ||
| 245 | 1 | 0 | |a Drucker esencial / |c [ Peter F. Drucker ]. |
| 260 | |a Buenos Aires : |b Coyuntura, |c 1999. | ||
| 300 | |a 78 p. ; |c 22 cm. | ||
| 490 | 1 | |a Mercado | |
| 500 | |a Traducción de: The essential Drucker. | ||
| 020 | |a 9879169360 | ||
| 100 | 1 | |a Drucker, Peter F. |q (Peter Ferdinand), |d 1909-2005. | |
| 830 | 0 | |a Mercado | |
| 650 | 4 | |a Gestión de empresas |v Ensayo. | |
| 650 | 4 | |a Cambio social |v Ensayo. | |
| 650 | 4 | |a management of companies |v Essays. | |
| 650 | 4 | |a Social change |v Essays. | |
| 041 | 1 | |a spa |h eng | |
| 859 | |a AR-BbSID |b BIB. PLAPIQUI |h 658 |i D 84 |p 6013 | ||
